| 000 | 00699nam a2200217 a 4500 | ||
|---|---|---|---|
| 999 |
_c4453 _d4453 |
||
| 001 | 4453 | ||
| 003 | BD-JhCC | ||
| 005 | 20171127184111.0 | ||
| 008 | 171127s1981 bg |||| ||a| 00| 0 en d | ||
| 035 | _a(BD-JhCC)4453 | ||
| 040 |
_aBD-JhCC _dBD-JhCC |
||
| 041 | _aben | ||
| 082 |
_a182.9 _bISL 1981 |
||
| 100 | _aইসলাম, ডক্টর আমিনুল | ||
| 245 |
_aপ্রাচীন ও মধ্যযুগের পাশ্চাত্য / _cডক্টর আমিনুল ইসলাম |
||
| 260 |
_aঢাকা : _bবাংলা একাডেমী, _c1981. |
||
| 300 |
_a526 p. : _c22 cm. |
||
| 650 | _aWestern Philosophy | ||
| 942 |
_2ddc _cBK |
||